Menaces Chinoises Sur L'asie

保存先:
書誌詳細
第一著者: Suzanne Labin
フォーマット: 図書
言語:Undetermined
出版事項: Paris La Table Ronde
主題:
タグ: タグ追加
タグなし, このレコードへの初めてのタグを付けませんか!
Thư viện lưu trữ: Trung tâm Học liệu Trường Đại học Cần Thơ
LEADER 00447nam a2200169Ia 4500
001 CTU_92147
008 210402s9999 xx 000 0 und d
082 |a 951.05 
082 |b L112 
100 |a Suzanne Labin 
245 0 |a Menaces Chinoises Sur L'asie 
245 0 |c Suzanne Labin 
260 |a Paris 
260 |b La Table Ronde 
650 |a china relation asia 
904 |i Hiếu 
980 |a Trung tâm Học liệu Trường Đại học Cần Thơ